<?xml version="1.0" encoding="UTF-8"?>
<marc:record xmlns:marc="http://www.loc.gov/MARC21/slim">
   <marc:leader>00000nam a2200000 a 4500</marc:leader>
   <marc:datafield ind1="1" ind2=" " tag="100">
      <marc:subfield code="a">Schacht, Andrea</marc:subfield>
      <marc:subfield code="4">aut</marc:subfield>
      <marc:subfield code="e">Verfasser/-in</marc:subfield>
   </marc:datafield>
   <marc:datafield ind1=" " ind2=" " tag="653">
      <marc:subfield code="a">Historischer Roman</marc:subfield>
   </marc:datafield>
   <marc:datafield ind1=" " ind2=" " tag="653">
      <marc:subfield code="a">Deutschland</marc:subfield>
   </marc:datafield>
   <marc:datafield ind1=" " ind2=" " tag="653">
      <marc:subfield code="a">15. Jahrhundert</marc:subfield>
   </marc:datafield>
   <marc:datafield ind1=" " ind2=" " tag="653">
      <marc:subfield code="a">Köln</marc:subfield>
   </marc:datafield>
   <marc:datafield ind1="0" ind2="0" tag="245">
      <marc:subfield code="a">Nehmt Herrin diesen Kranz</marc:subfield>
   </marc:datafield>
   <marc:datafield ind1="0" ind2="0" tag="245">
      <marc:subfield code="b">Roman</marc:subfield>
   </marc:datafield>
   <marc:datafield ind1=" " ind2="1" tag="264">
      <marc:subfield code="b">Blanvalet</marc:subfield>
      <marc:subfield code="c">2010</marc:subfield>
   </marc:datafield>
   <marc:datafield ind1="1" ind2=" " tag="490">
      <marc:subfield code="a">Alyss, die Tochter der Begine Almut</marc:subfield>
   </marc:datafield>
   <marc:datafield ind1="1" ind2=" " tag="520">
      <marc:subfield code="a">Während Köln sich für die Erntedankfeiern schmückt, hängt im Hauswesen derer van Doorne der Segen schief. Ausgerechnet zur bevorstehenden Weinlese erfährt Alyss, dass ihr Gatte Arndt den geliebten Weingarten verkauft hat, um Geld für seine undurchsichtigen Geschäfte in den Beutel zu bekommen. Alyss' Zorn entzieht er sich, indem er eilends auf Handelsfahrt geht. Nach seiner Abreise nimmt Alyss vorübergehend den sechsjährigen Kilian auf. Doch der goldlockige Sohn eines befreundeten Kürschners sorgt gleichermaßen für Unruhe: ein veritabler Satansbraten, der nur Unfug im Sinn hat.
Dann wird Kilian entführt. Und mit ihm zusammen verschwindet Alyss' Brautkrone, der wertvollste Bestandteil ihrer Mitgift. Wer steckt dahinter - und warum? Hartnäckig und gewitzt lässt Alyss nicht locker, bis sie den Fall gelöst hat.</marc:subfield>
   </marc:datafield>
   <marc:datafield ind1=" " ind2=" " tag="020">
      <marc:subfield code="a">9783442371242</marc:subfield>
      <marc:subfield code="9">9783442371242</marc:subfield>
   </marc:datafield>
</marc:record>
